000 00782nam a22002537a 4500
001 BR0809564
003 BR-BrBNA
005 20230928102832.0
007 ta
008 230509b bl.||||| |||| 00| 0 por d
040 _aBR-BrBNA
_bpor
_cBiblioteca Nacional de Agricultura
041 _a(Por)
072 _aD50; F30
090 _ D50 BR0809564
110 1 _aMinistério da Agricultura, Pecuária e Abastecimento, Brasília, DF (Brasil). Secretaria de Apoio Rural e Cooperativismo
_97315
245 1 _aLegislação sobre organismos geneticamente modificados
260 3 _aBrasília, DF (Brasil):
_c[nd].
300 _a106 p.
650 _aLEGISLAÇÃO
650 _aPLANTA TRANSGÊNICA
650 _aBIOSSEGURANÇA
909 _a202309
_bLucia
_c55
_dLucia Elande
942 _cBK
999 _c72641
_d72641